000 01248nam0a2200361 i 4500
001 RU\NLR\bibl\1894947
005 20260406105804.0
010 _a9785386041076
_95000
021 _aRU
_b2012-24120
_91804
035 _a(nilc)RSL-KNO-005421309
035 _a(NLR Aleph) 001884616
090 _a2837241
_c2837241
100 _a20120416d2012 u y0rusy50 ca
101 0 _arus
102 _aRU
105 _aa |||||||||
200 1 _aВязаный пэчворк
_fКаминская Е. А.
210 _aМосква
_cРИПОЛ классик
_d2012
215 _a253, [2] с., [2] л. цв. ил.
_cил.
_d21
225 1 _aШкола рукоделия
300 _aНа обл. авт. не указан
606 _aВязание
_92050230
_3RU\NLR\auth\661229781
606 _aЛоскутные изделия
_91086627
_3RU\NLR\auth\66106592
686 _aМ483,0
_2rubbk
686 _aМ48
686 _aМ483
700 1 _4070
_8rus
_7ca
_aКаминская
_bЕ. А.
_cпопуляризатор
_gЕлена Анатольевна
_3RU\NLR\auth\77103371
_986297
801 0 _aRU
_bRuMoRKP
_c20120416
_grcr
801 1 _aRU
_bРГБ
_c20120416
801 2 _aRU
_bNLR
_c20120419
_grcr
942 _cBOOK
980 _aNBR